000 00635nam a22002057a 4500
005 20140827115930.0
010 _aENG-110599
020 _a9780198099161
_c495.00
020 _a0198099169
_c495.00
035 _aEN-94131
037 _bDBAD/PUB
082 _a954
100 _aBruce King
245 _aRewriting India :
_cby Bruce King
_beight writers /
260 _aNew Delhi
_bOxford University Press
_c2014
270 _aYMCA Library Building, 1 Jai Singh Road
_bNew Delhi
_e110001
300 _aviii,280p.
_c22cm(pbk)
500 _aIncludes bibliographical references and index
942 _2ddc
_cEN
_mBRU
_h954
999 _c87585
_d87585